Wymień grupy kpopowe - Statystyki

Ogólne statystyki
  • Ten quiz został rozwiązany 1 721 razy
  • Średni wynik to 24 z 87
Statystyki odpowiedzi
Odpowiedź % Poprawnych
BTS
98%
BLACKPINK
95%
Stray Kids
87%
Twice
84%
ITZY
75%
ENHYPEN
69%
(G)I-DLE
67%
aespa
66%
ATEEZ
64%
EXO
63%
K/DA
62%
SEVENTEEN
61%
Red Velvet
58%
IVE
56%
MAMAMOO
54%
BIGBANG
52%
Le Sserafim
47%
NCT 127
47%
Girls' Generation
46%
NCT DREAM
44%
SHINee
40%
Monsta X
39%
IZ*ONE
38%
LOONA
38%
GOT7
37%
2NE1
36%
Tomorrow X Together
36%
Kep1er
34%
MOMOLAND
34%
Super Junior
32%
NCT U
31%
ASTRO
30%
EVERGLOW
30%
TREASURE
29%
THE BOYZ
28%
Dreamcatcher
25%
iKON
25%
P1HARMONY
24%
STAYC
24%
Wonder Girls
23%
GFRIEND
22%
WAYV
22%
PENTAGON
21%
Day6
20%
2PM
18%
ONEUS
18%
fromis_9
17%
Winner
17%
AOA
16%
BTOB
16%
f(x)
16%
SuperM
16%
Purple Kiss
14%
4minute
13%
Block B
13%
OH MY GIRL
13%
SF9
13%
CRAVITY
12%
I.O.I
12%
CIX
11%
SISTAR
11%
The Rose
11%
WJSN
11%
TVXQ
10%
miss A
9%
ONEWE
9%
VIXX
9%
Nu'est
8%
A.C.E
7%
Brave Girls
7%
KARA
7%
X1
7%
AB6IX
6%
GOT the beat
6%
VICTON
6%
Weki meki
6%
After School
5%
PIXY
5%
E'last
4%
KINGDOM
4%
PRISTIN
4%
ONF
3%
SHINHWA
3%
Just B
2%
MIRAE
2%
BESTie
0%
CROSS GENE
0%
Nie znaleziono quizów pasujących do podanych kryteriów
Rozkład punktacji
Procent ludzi z każdym wynikiem
Percentyl według liczby udzielonych odpowiedzi
Twoja historia wyników
Nie rozwiązałeś tego quizu